Triedenie komunálneho odpadu
Na Ekonomickej univerzite v Bratislave a jej Podnikovohospodárskej fakulte so sídlom v Košiciach sa realizuje projekt VEGA 1/0582/17: „Modelovanie ekonomickej efektívnosti materiálovo energetického zhodnocovania komunálnych odpadov“. Požiadavka o spoluprácu pri vypĺňaní dotazníka, ktorého údaje budú...
Salvato in:
| Autore principale: | |
|---|---|
| Altri autori: | |
| Natura: | Capitolo di libro |
| Lingua: | slovacco |
| Soggetti: | |
| Tags: |
Nessun Tag, puoi essere il primo ad aggiungerne!!
|
MARC
| LEADER | 00000nla a2200000 4500 | ||
|---|---|---|---|
| 001 | 0243887 | ||
| 005 | 20250613113203.1 | ||
| 041 | 0 | |a slo | |
| 044 | |a SK | ||
| 245 | 1 | 0 | |a Triedenie komunálneho odpadu |c Michal Stričík, Monika Čonková |
| 520 | |a Na Ekonomickej univerzite v Bratislave a jej Podnikovohospodárskej fakulte so sídlom v Košiciach sa realizuje projekt VEGA 1/0582/17: „Modelovanie ekonomickej efektívnosti materiálovo energetického zhodnocovania komunálnych odpadov“. Požiadavka o spoluprácu pri vypĺňaní dotazníka, ktorého údaje budú podkladom pri analýze a príprave návrhov na zlepšenie v oblasti nakladania s komunálnym odpadom na Slovensku. | ||
| 610 | 2 | 0 | |a projekty |
| 610 | 2 | 0 | |a univerzity |
| 610 | 2 | 0 | |a fakulty |
| 610 | 2 | 0 | |a odpad komunálny |
| 610 | 2 | 0 | |a dotazníky |
| 100 | 1 | |a Stričík, Michal, 1969- | |
| 700 | 1 | |a Čonková, Monika, 1976- | |